00369nam a2200133Ia 4500008004100000020002700041040002600068082001800094100002500112245003800137260003900175003000400214005001700218241127s9999||||xx |||||||||||||| ||und|| a1598631500c203.8203.8 bengcSSK Libraryerda a794.81526/HAR a Jonathan S. Harbour 0aBeginning Java 5 Game Programming b Thomson Course Technologyc©2006OSt20241127152835.0